LEADER 01035nam0-22002891i-450- 001 990000625680403321 005 20001010 035 $a000062568 035 $aFED01000062568 035 $a(Aleph)000062568FED01 035 $a000062568 100 $a20001010d--------km-y0itay50------ba 101 0 $aita 105 $ay-------001yy 200 1 $aVerifiche di sicurezza nei confronti degli stati-limite di danno e di collasso di strutture contenenti difetti,1983 210 $aBologna$cI.S.D.C.$d1983 300 $aAtti dell'Istituto di Scienza delle Costruzioni dell'Universitą di Bologna. 610 0 $aAtti ed estratti di Universitą ed Istituti Universitari Italiani. 700 1$aViola,$bErasmo$f<1947- >$0333591 801 0$aIT$bUNINA$gRICA$2UNIMARC 901 $aBK 912 $a990000625680403321 952 $a07 U/1729$b$fDINSC 959 $aDINSC 996 $aVerifiche di sicurezza nei confronti degli stati-limite di danno e di collasso di strutture contenenti difetti,1983$9315914 997 $aUNINA DB $aING01 LEADER 05611nam 22006855 450 001 9910416088603321 005 20210125223315.0 010 $a981-15-4234-1 024 7 $a10.1007/978-981-15-4234-3 035 $a(CKB)4100000011392539 035 $a(MiAaPQ)EBC6313938 035 $a(DE-He213)978-981-15-4234-3 035 $a(EXLCZ)994100000011392539 100 $a20200820d2020 u| 0 101 0 $aeng 135 $aurcnu|||||||| 181 $ctxt$2rdacontent 182 $cc$2rdamedia 183 $acr$2rdacarrier 200 10$aMunicipal Power and Population Decline in Japan $eGoki-Shichido and Regional Variations /$fby Fumie Kumagai 205 $a1st ed. 2020. 210 1$aSingapore :$cSpringer Singapore :$cImprint: Springer,$d2020. 215 $a1 online resource (314 pages) 311 $a981-15-4233-3 320 $aIncludes bibliographical references and index. 327 $aChapter 1: Issues and Theoretical Framework -- Chapter 2: Methodology -- Chapter 3: Population-Sustaining Power and Marriage Power by Prefecture and by Municipality in 2013, 2040, and 2045 (Projected) -- Chapter 4: Tokyo and Aichi Prefectures in Tokaido of Goki Shichido and Their Municipal Power -- Chapter 5: Small but Lively Municipalities Taking Advantage of Closeness to Central Cities in Western Japan: Ryukyu, Saikaido, and Kinai -- Chapter 6: Successful Municipal Revitalization in Devastated Communities in Eastern Japan: Some Examples from Aomori and Yamagata Prefectures in Tosando -- Chapter 7: People in a Small Municipality and on a Remote Island Connect Online to the Outside: Some Examples in Sannindo and Nannkaido -- Chapter 8: Conclusion: What Can Be Done Before the Municipality ?Disappears? -- Indexes. 330 $aThis book provides an insightful sociological study of the declining Japanese population, using statistical analysis to establish the significance of municipal power using demographic data on national, regional, prefectural and municipal levels. Penned by one of Japan's eminent sociologists, it provides a quantitative characterization of population decline in Japan with a focus on regional variation, and identifies the principal explanatory factors through GPI statistical software tools such as G-census and EvaCva, within a historical perspective. Furthermore, it offers a qualitative assessment of what constitutes ?municipal power? as this relates to regional/local revitalization as a means of addressing municipal population decline. Using Goki Shichido as a theoretical framework, this book pays special attention to municipal variations within the same prefecture, presenting a completely unique approach. In combining these two dimensions of analyses, the book successfully reveals the impact of municipal power and socio-cultural identity of social capital in the region, from both quantitative and qualitative perspectives at the municipal level. Demography issues in Japan have been receiving increasing attention among researchers given the growing number of declining populations in developed countries, in tandem with rapid aging and low fertility trends. Providing an original and unique contribution to regional population analysis in the fields of regional demography, historical demography and regional population policy, this book shows that the revitalization of the community is vital if Japan is to increase its population, so as to renew a community ?raison d'źtre?. The book is of interest to scholars of Asian studies more broadly, and to sociologists, demographers, and policymakers interested in population studies, specifically. "Providing an informative and vivid overview of the demographic situation of Japan, the author offers excellent suggestions for effective regional policy in confronting a shrinking society. This book presents a unique analysis of the regional variations on small municipal levels, with demographic variables, social indicators and historical identities.?An original contribution to regional population analysis in the fields of regional population policy, regional demography and historical demography." - Toshihiko Hara, Professor Emeritus, Sapporo City University. 606 $aDemography 606 $aSocial policy 606 $aAging 606 $aSocial groups 606 $aFamilies 606 $aFamilies 606 $aFamilies?Social aspects 606 $aDemography$3https://scigraph.springernature.com/ontologies/product-market-codes/X25000 606 $aSocial Policy$3https://scigraph.springernature.com/ontologies/product-market-codes/X33000 606 $aAging$3https://scigraph.springernature.com/ontologies/product-market-codes/X11000 606 $aSociology of Family, Youth and Aging$3https://scigraph.springernature.com/ontologies/product-market-codes/X22080 606 $aFamily$3https://scigraph.springernature.com/ontologies/product-market-codes/X27000 615 0$aDemography. 615 0$aSocial policy. 615 0$aAging. 615 0$aSocial groups. 615 0$aFamilies. 615 0$aFamilies. 615 0$aFamilies?Social aspects. 615 14$aDemography. 615 24$aSocial Policy. 615 24$aAging. 615 24$aSociology of Family, Youth and Aging. 615 24$aFamily. 676 $a304.60952 700 $aKumagai$b Fumie$4aut$4http://id.loc.gov/vocabulary/relators/aut$0917616 801 0$bMiAaPQ 801 1$bMiAaPQ 801 2$bMiAaPQ 906 $aBOOK 912 $a9910416088603321 996 $aMunicipal Power and Population Decline in Japan$92057312 997 $aUNINA LEADER 01028cam0-2200313 --450 001 9910986389103321 005 20260312125908.0 010 $a9791222305516 020 $aIT$b2024-5354 100 $a20250402d2024----kmuy0itay5050 ba 101 0 $aita 102 $aIT 105 $ay 001yy 200 1 $a<>rivoluzione di Dobbs$eil problema dell'aborto nel dibattito costituzionale degli Stati Uniti d'America$fAgostino Carrino 210 $aMilano ; Udine$cMimesis$d©2024 215 $a101 p.$d18 cm 225 1 $aMimesis. Il principe e la Repubblica. Serie Minima$v3 610 0 $aAborto indotto$aGiurisprudenza costituzionale$aStati Uniti d?America 676 $a342.73084$v23$zita 700 1$aCarrino,$bAgostino$0144079 801 0$aIT$bUNINA$gREICAT$2UNIMARC 901 $aBK 912 $a9910986389103321 952 $aCOLLEZ. 3399 (3)$b255/2025$fFSPBC 952 $aBUSTA 7 (16) 34$v2025/2245$fFGBC 959 $aFSPBC 959 $aFGBC 996 $aRivoluzione di Dobbs$94346665 997 $aUNINA